000 01393ny a22003373n 4500
005 20240305165312.0
008 060516s2006 sp s 001 0 spa c
017 _aD.L. 902-2006
020 _a8497729889
035 _a1393
040 _aUCA-JER
_dUMA.RE
_dvLex
080 _a343.26(460)
080 _a343.82(460)
090 _c132
_d132
100 1 _aLeganés Gómez, Santiago
245 1 0 _aClasificación penitenciaria
_h[Recurso electrónico]
_bnuevo régimen jurídico /
_cSantiago Leganés Gómez
250 _a2a ed
256 _aServicio en línea
260 _aMadrid :
_bDykinson,
_c2006
300 _a192 p. ;
_c21 cm
500 _aLos datos del ISBN han sido tomado de la B.N.- ISBN 84-9772-988-1 (Cancelado)
504 _aBibliogr.: p.[315]-323
506 1 _aContenido solo disponible en los productos indicados
_dvLex Global
_dvLex Global (Academic Edition, excluding Law Schools)
_dvLex Global (U.S. Academic Edition, Law Schools)
_dvLex Global (U.S. Academic Edition, excluding Law Schools)
_dvLex Global (Academic Edition, Law Schools)
650 0 7 _2Tesauro vLex
_aPrisión
650 0 7 _2Tesauro vLex
_aPenal
650 0 7 _2Tesauro vLex
_aDerecho penitenciario
650 0 7 _2Tesauro vLex
_aClasificación penitenciaria
740 0 _avLex Libros (Servicios en línea)
856 4 0 _uhttps://app.vlex.com/#/sources/clasificaci-n-penitenciaria-1393
942 _cRAA
999 _c158670
_d158670